000 00920nam a2200205Ia 4500
999 _c40760
_d40760
001 7399
003 GE_BSU
005 20231124174203.0
008 181216s1961||||geo|||||||||||||| ||geo||
040 _cGE_BSU
041 _ageo
080 _a821.353.1-31 დ-14
100 _aდადიანი, შალვა
_920484
245 _aრჩეული თხზულებანი ხუთ ტომად : ტ 4.გუშინდელნი :
_bკომედია /
_cშალვა დადიანი ; სარედ. ოლეგია : ბ.ჟღენტი, ა.მირცხულავა, ვ.მგალობლიშვილი.
264 _aთბილისი :
_bსაბჭ.საქართველო,
_c1961.
300 _a398 გვ. ;
_c22 სმ.
653 _aრჩეული თხზულებანი
653 _aკომედია
942 _cBK
_2udc